Statistics for Top 10 Largest U.S. States by Area

Click here to take the quiz!

General Stats

  • This quiz has been taken 57,277 times
    (57,117 since last reset)
  • The average score is 9 of 10

Answer Stats

mi2State% Correct
261,232Texas
100%
155,779California
98%
570,641Alaska
97%
145,546Montana
86%
121,298New Mexico
85%
113,594Arizona
84%
109,781Nevada
82%
103,642Colorado
82%
97,093Wyoming
76%
95,988Oregon
69%

Score Distribution

Percentile by Number Answered

Percent of People with Each Score

Your Score History

You have not taken this quiz since the last reset